000 00467nam a2200181Ia 4500
005 20250326125803.0
008 250326s9999 xx 000 0 und d
037 _aTextbook
040 _aFMSL
_beng
_cFMSL
041 _aeng
_2eng
084 _aX N5
_qFMSL
100 _aHalm G
_9739690
245 0 _aEconomic systems
_cHalm G
260 _aNew Delhi
_bNew Delhi, Oxford & IBH
_c1965
300 _a341p
942 _cTB
_hX N5
999 _c1279567
_d1279567